TV series with the most Emmy Awards - Statistics

General Stats
  • This quiz has been taken 406 times
  • The average score is 3 of 10
Answer Stats
Wins Nominations Answer % Correct
35 106 Game of Thrones
71%
28 117 Cheers
45%
23 124 ER
35%
22 77 Modern Family
35%
37 108 Frasier
34%
44 199 Saturday Night Live
30%
32 85 The Simpsons
30%
26 95 The West Wing
25%
29 67 The Mary Tyler Moore Show
19%
26 98 Hill Street Blues
16%
No matching quizzes found
Score Distribution
Percent of People with Each Score
Percentile by Number Answered
Your Score History
You have not taken this quiz